01005nac a22002771i 4500003000900000005001700009008004100026020001500067020001800082040004300100082002000143245007200163264004300235300005300278336002600331337002800357338002700385500002000412650004900432650004200481655001700523700004100540942001200581999001500593952011900608EG-ScBUE20230717130119.0230717s1989 nyua f 001 0 eng d a0792450906 a9780792450900 aEG-ScBUEbengerdacEG-ScBUEdEG-ScBUE04a902.02bCHR22200aChronicle of 20th century history /cGeneral editor John S. Bowman. 1aNew York, NY :bMallard Press, c1989. a256 pages :billustrations (some color) ;c37 cm 2rdacontentatextbtxt 2rdamediaaunmediatedbn 2rdacarrieravolumebnc aIncludes index. 7aChronology, Historicaly20th century.2BUEsh 7aHistory, Moderny20th century.2BUEsh vReading book1 aBowman, John Stewartd1931-eeditor. cNB2ddc c9370d9370 00102ddc40708AlahramaMAINbMAINc2NDd2008-05-05ePurchasel0o902.02 CHRp000011083r2025-07-15 00:00:00yNB